Top 50 Countries by Imports - Statistics

General Stats
  • This quiz has been taken 112 times
  • The average score is 27 of 50
Answer Stats
# Starts
With
Answer $USD
(millions)
% Correct
2 C China 2,706,601
99%
1 U United States 3,375,948
99%
6 F France 818,300
94%
3 G Germany 1,571,057
94%
4 J Japan 898,099
92%
5 U United Kingdom 821,900
91%
10 I India 677,240
83%
9 I Italy 698,030
79%
8 N Netherlands 712,801
79%
13 C Canada 567,826
76%
7 S South Korea 738,366
74%
17 V Vietnam 364,052
73%
12 M Mexico 604,615
71%
11 B Belgium 624,289
69%
23 A Australia 290,113
64%
14 S Spain 499,055
64%
19 P Poland 358,593
59%
25 U United Arab Emirates 248,418
59%
21 T Thailand 306,260
58%
30 R Russia 194,393
56%
16 T Taiwan 437,335
56%
18 T Turkey 362,000
56%
24 B Brazil 272,701
55%
15 S Singapore 475,516
54%
31 H Hungary 158,413
53%
26 I Indonesia 237,447
53%
20 S Switzerland 356,763
53%
28 A Austria 231,947
49%
36 D Denmark 125,731
49%
22 M Malaysia 295,092
47%
32 I Ireland 147,913
45%
33 P Philippines 145,889
42%
29 S Sweden 202,093
42%
44 F Finland 97,265
41%
41 N Norway 107,268
38%
35 R Romania 132,700
38%
38 P Portugal 115,036
37%
27 C Czech Republic 235,919
35%
43 G Greece 97,970
35%
46 E Egypt 79,712
33%
48 A Argentina 76,162
32%
40 C Chile 109,265
32%
42 I Israel 107,083
32%
34 S Saudi Arabia 140,017
32%
39 S South Africa 111,878
27%
37 S Slovakia 115,215
26%
47 C Colombia 77,413
22%
50 P Pakistan 71,105
22%
49 M Morocco 72,833
18%
45 B Bangladesh 83,203
17%
No matching quizzes found
Score Distribution
Percent of People with Each Score
Percentile by Number Answered
Your Score History
You have not taken this quiz